<?xml version="1.0" encoding="UTF-8"?>
<record
    xmlns:xsi="http://www.w3.org/2001/XMLSchema-instance"
    xsi:schemaLocation="http://www.loc.gov/MARC21/slim http://www.loc.gov/standards/marcxml/schema/MARC21slim.xsd"
    xmlns="http://www.loc.gov/MARC21/slim">

  <leader>02737    a2200217   4500</leader>
  <datafield tag="999" ind1=" " ind2=" ">
    <subfield code="c">26541</subfield>
    <subfield code="d">26541</subfield>
  </datafield>
  <controlfield tag="008">230703b           ||||| |||| 00| 0 eng d</controlfield>
  <datafield tag="020" ind1=" " ind2=" ">
    <subfield code="a">9789353065966</subfield>
    <subfield code="c">Rs799.00</subfield>
  </datafield>
  <datafield tag="041" ind1="0" ind2=" ">
    <subfield code="a">eng</subfield>
  </datafield>
  <datafield tag="082" ind1="0" ind2="0">
    <subfield code="a">658.7</subfield>
    <subfield code="b">C549</subfield>
  </datafield>
  <datafield tag="100" ind1=" " ind2=" ">
    <subfield code="a">Chopra, Sunil </subfield>
  </datafield>
  <datafield tag="245" ind1=" " ind2=" ">
    <subfield code="a">Supply Chain Management : Strategy, Planning and Operation /</subfield>
  </datafield>
  <datafield tag="250" ind1=" " ind2=" ">
    <subfield code="a">7th ed.</subfield>
  </datafield>
  <datafield tag="260" ind1=" " ind2=" ">
    <subfield code="a">Noida :</subfield>
    <subfield code="b">Pearson India education services pvt. ltd.,</subfield>
    <subfield code="c">2023.</subfield>
  </datafield>
  <datafield tag="300" ind1=" " ind2=" ">
    <subfield code="a">xvii, 562 p. :</subfield>
    <subfield code="b">ill. ;</subfield>
    <subfield code="c">25 cm.</subfield>
  </datafield>
  <datafield tag="504" ind1=" " ind2=" ">
    <subfield code="a">Includes index.</subfield>
  </datafield>
  <datafield tag="505" ind1="0" ind2=" ">
    <subfield code="a">Part I Building a Strategic Framework to Analyze Supply Chains
CHAPTER 1 UNDERSTANDING THE SUPPLY CHAIN
CHAPTER 2 ACHIEVING STRATEGIC FIT IN A SUPPLY CHAIN
CHAPTER 3 SUPPLY CHAIN DRIVERS AND METRICS
Part II Designing the Supply Chain Network
CHAPTER 4 DESIGNING DISTRIBUTION NETWORKS AND APPLICATIONS TO OMNI-CHANNEL RETAILING
CHAPTER 5 NETWORK DESIGN IN THE SUPPLY CHAIN
CHAPTER 6 DESIGNING GLOBAL SUPPLY CHAIN NETWORKS
Part III Planning and Coordinating Demand and Supply in a Supply Chain
CHAPTER 7 DEMAND FORECASTING IN A SUPPLY CHAIN
CHAPTER 8 AGGREGATE PLANNING IN A SUPPLY CHAIN
CHAPTER 9 SALES AND OPERATIONS PLANNING IN A SUPPLY CHAIN
CHAPTER 10 COORDINATION IN A SUPPLY CHAIN
Part IV Planning and Managing Inventories in a Supply Chain
CHAPTER 11 MANAGING ECONOMIES OF SCALE IN A SUPPLY CHAIN CYCLE INVENTORY
CHAPTER 12 MANAGING UNCERTAINTY IN A SUPPLY CHAIN SAFETY INVENTORY
CHAPTER 13 LINKING PRODUCT AVAILABILITY TO PROFITS
Part V Designing and Planning Transportation Networks
CHAPTER 14 TRANSPORTATION IN A SUPPLY CHAIN
Part VI Managing Cross-Functional Drivers in a Supply Chain
CHAPTER 15 SOURCING DECISIONS IN A SUPPLY CHAIN
CHAPTER 16 PRICING AND REVENUE MANAGEMENT IN A SUPPLY CHAIN
CHAPTER 17 SUSTAINABILITY AND THE SUPPLY CHAIN
Part VII Online Chapter
CHAPTER A: INFORMATION TECHNOLOGY IN A SUPPLY CHAIN"</subfield>
  </datafield>
  <datafield tag="520" ind1=" " ind2=" ">
    <subfield code="a">Supply Chain Management, 7e introduces high-level strategy and concepts while giving students the

practical tools necessary to solve supply chain problems. Using a strategic framework, students are guided

through all the key drivers of supply chain performance, including facilities, inventory, transportation,

information, sourcing, and pricing. The Seventh Edition weaves in compelling case study examples to

illustrate how good supply chain management oers a competitive advantage and how poor supply chain

management can damage an organization's performance. With this textbook, students gain a deeper

understanding of supply chains and a rm grasp on the practical managerial levers that can improve
</subfield>
  </datafield>
  <datafield tag="650" ind1=" " ind2="0">
    <subfield code="a">Marketing channels</subfield>
    <subfield code="x">management</subfield>
  </datafield>
  <datafield tag="700" ind1=" " ind2=" ">
    <subfield code="9">5601</subfield>
    <subfield code="a">Kalra, Dharam Vir</subfield>
  </datafield>
  <datafield tag="942" ind1=" " ind2=" ">
    <subfield code="2">ddc</subfield>
    <subfield code="c">BK</subfield>
  </datafield>
  <datafield tag="952" ind1=" " ind2=" ">
    <subfield code="0">0</subfield>
    <subfield code="1">0</subfield>
    <subfield code="2">ddc</subfield>
    <subfield code="4">0</subfield>
    <subfield code="6">658_700000000000000_C549</subfield>
    <subfield code="7">0</subfield>
    <subfield code="9">51056</subfield>
    <subfield code="a">CL</subfield>
    <subfield code="b">CL</subfield>
    <subfield code="c">REF</subfield>
    <subfield code="d">2023-07-03</subfield>
    <subfield code="e">5</subfield>
    <subfield code="g">599.25</subfield>
    <subfield code="o">658.7 C549</subfield>
    <subfield code="p">14277</subfield>
    <subfield code="r">2023-07-03</subfield>
    <subfield code="v">799.00</subfield>
    <subfield code="y">BK</subfield>
  </datafield>
  <datafield tag="952" ind1=" " ind2=" ">
    <subfield code="0">0</subfield>
    <subfield code="1">0</subfield>
    <subfield code="2">ddc</subfield>
    <subfield code="4">0</subfield>
    <subfield code="6">658_700000000000000_C549</subfield>
    <subfield code="7">0</subfield>
    <subfield code="9">51057</subfield>
    <subfield code="a">CL</subfield>
    <subfield code="b">CL</subfield>
    <subfield code="d">2023-07-03</subfield>
    <subfield code="e">5</subfield>
    <subfield code="g">599.25</subfield>
    <subfield code="l">5</subfield>
    <subfield code="m">4</subfield>
    <subfield code="o">658.7 C549</subfield>
    <subfield code="p">14278</subfield>
    <subfield code="r">2024-06-05</subfield>
    <subfield code="s">2024-05-27</subfield>
    <subfield code="v">799.00</subfield>
    <subfield code="y">BK</subfield>
  </datafield>
  <datafield tag="952" ind1=" " ind2=" ">
    <subfield code="0">0</subfield>
    <subfield code="1">0</subfield>
    <subfield code="2">ddc</subfield>
    <subfield code="4">0</subfield>
    <subfield code="6">658_700000000000000_C549</subfield>
    <subfield code="7">0</subfield>
    <subfield code="9">51058</subfield>
    <subfield code="a">CL</subfield>
    <subfield code="b">CL</subfield>
    <subfield code="d">2023-07-03</subfield>
    <subfield code="e">5</subfield>
    <subfield code="g">599.25</subfield>
    <subfield code="l">1</subfield>
    <subfield code="m">1</subfield>
    <subfield code="o">658.7 C549</subfield>
    <subfield code="p">14279</subfield>
    <subfield code="r">2024-03-07</subfield>
    <subfield code="s">2024-01-29</subfield>
    <subfield code="v">799.00</subfield>
    <subfield code="y">BK</subfield>
  </datafield>
</record>
